00317nam a2200121Ia 4500008004100000041000800041082001500049100001600064245003900080260003400119300003300153365000900186240624s9999 xx 000 0 und d aeng a364.16 GER aGERBER JURG aENCYCLOPEDIA OF WHITE COLLAR CRIME c2007aLondonbGreenwood Press axviii, : 316 : p. : cm. ; 26 cb26